=LDR 00000nam 2200000 4500 =001 INLIS000000000055846 =005 20200729071601 =035 ##$$a 0010-0720000150 =007 ta =008 200729###########################0#eng## =082 ##$$a 641.509 52 =084 ##$$a 641.509 52 Ste t =245 1#$$a The Cooking of Japan /$c Steinberg Rafael =300 ##$$a 208 halaman : $b Ilustrasi ; $c 24 Cm. =500 ##$$a Indeks : halaman 200 - 206 =650 #4$$a Masakan Jepang =264 ##$$a Nederland :$b Time-Life International,$c 1976 =336 ##$$a teks$2 rdacontent =337 ##$$a lain-lain$2 rdamedia =338 ##$$a lain-lain$2 rdacarrier =990 ##$$a 26972697